Analyzátor impulsních signálů

Bibliographic Details
Main Author: Zavoral, Miloš (Author)
Format: Article
Language:Czech
PhysicalDescription:Obr.7. Res. čes., rus., nem., angl.
Subjects:

MARC

LEADER 00000nab a2200000 a 4500
001 vtls000054057
003 SK-MaSNL
005 20260303180912.0
008 160201c1979 xo 0 cze
015 |a SNBRA19rr/mm-uuuuu 
035 |a CL0064154 
040 |a SNKBUCL  |b slo  |c SNKBUCL  |e AACR2 
041 0 |a cze 
044 |a xo  |c SK 
080 |a 621.39  |2 1981 
100 1 |a Zavoral, Miloš  |4 aut  |9 498188 
245 1 0 |a Analyzátor impulsních signálů  |c Miloš Zavoral 
300 |b Obr.7. Res. čes., rus., nem., angl. 
650 0 7 |a telekomunikácia  |2 snkbucl  |9 105923 
650 0 7 |a signály impulzné  |x analyzátor  |2 snkbucl  |9 1207409 
655 7 |a články zo zborníkov  |2 snkbucl  |9 166140 
773 0 |t Práce a štúdie Vysokej školy dopravnej v Žiline. Zv. 6. Séria elektrotechnická  |d Bratislava : Alfa, 1979  |g S. 89-95 
850 |a Slovenská národná knižnica v Martine  |a MTA001 
852 |a SNK  |b KIS3GCP 
958 |a RK 
958 |a CZ 
992 |a RZB 
999 |c 2107983  |d 2109913